• 首页
  • 本馆介绍
  • 公告通知
  • 最新文献
  • 馆藏检索
  • 电子资源
  • 读者导购
  • 参考咨询
  • 我的图书馆
  • 登录
  • 详细信息显示
  • 放入我的书架
  • 预约/预借图书
  • 作者相关作品
  • 分类相关作品
  • 丛书相关作品
  • 出版社相关作品

书目信息

  • 表格格式
  • 工作单格式
  • 卡片格式
题名:
日本风景画精品赏析
    
 
作者: 刘晓路 , 刘晓路 编著
分册:  
出版信息: 武汉   湖北美术出版社  2000
页数: 69页
开本: 29cm
丛书名: 日本绘画精品赏析丛书
单 册:
中图分类: J211.26
科图分类:
主题词: 日本画--风景画--鉴赏--日本
电子资源:
ISBN: 7-5394-1001-9
000 01338nam0 2200361 450
000 01303nam0 2200349 450
000 01266nam0 2200337 450
000 01175nam0 2200325 450
000 01138nam0 2200313 450
000 01071oam2 2200289 450
001 0104000024
005 20061018160804.69
010    @a7-5394-1001-9@dCNY33.00
100    @a20051124d2000 em y0chiy0110 ea
101 0  @achi
102    @aCN@b420000
105    @aa z 000yd
200 1  @a日本风景画精品赏析@Ari ben feng jing hua jing pin shang xi@f刘晓路编著@Fliu xiao lu bian zhu
210    @a武汉@c湖北美术出版社@d2000
215    @a69页@d29cm
225 2  @a日本绘画精品赏析丛书
314    @a刘晓路(1953~),中国艺术研究院研究员、外国美术研究室主任,主要著作有《日本美术史》、《20世纪日本美术》等。
330    @a本书收录了“古代山水画”、“近代日本画风景”、“战后日本画风景”、“油画和水彩画风景”四部分,精选了100多幅日本风景画,每幅作品都有画家简介和作品赏析。
461  0 @12001 @a日本绘画精品赏析丛书
606 0  @a日本画@x风景画@x鉴赏@y日本
690    @aJ211.26@v4
701  0 @a刘晓路@9liu xiao lu@4编著
701  0 @a刘晓路@Aliu xiao lu@4编著
801  0 @aCN@b北京荣雅伟业图书经销中心@c20061018
905    @aBZT@dJ211.26@e76
906    @dCNY33.00@n0@r1
990    @a刘延娇
    
    日本风景画精品赏析/刘晓路编著.-武汉:湖北美术出版社,2000
    69页;29cm.-(日本绘画精品赏析丛书)
    
    
    ISBN 7-5394-1001-9:CNY33.00
    本书收录了“古代山水画”、“近代日本画风景”、“战后日本画风景”、“油画和水彩画风景”四部分,精选了100多幅日本风景画,每幅作品都有画家简介和作品赏析。
●
相关链接 在五车中查询图书 在当当中查询图书 在豆瓣中查询图书


正题名:日本风景画精品赏析     索取号:J211.26/76         预约/预借

序号 登录号 条形码 馆藏地/架位号 状态 备注
1 506396   230068775   中心书库中库/ 中库016架B面1列4层41/ [索取号:J211.26/76] 在馆    
2 506397   230068776   中心书库中库/ 中库016架B面2列2层1/ [索取号:J211.26/76] 在馆    
3 506398   230068778   中心书库中库/ 中库016架B面1列4层73/ [索取号:J211.26/76] 在馆    
4 506399   230068777   中心书库中库/ 中库016架B面1列4层31/ [索取号:J211.26/76] 在馆    
5 506400   230068780   中心书库中库/ 中库017架A面2列6层39/ [索取号:J211.26/76] 在馆    
山东省滨州职业学院图书馆 欢迎您!
大连网信软件有限公司© 版权所有